Textbook of Preventive and Community Dentistry-1: (Record no. 37005)
[ view plain ]
| 000 -LEADER | |
|---|---|
| fixed length control field | 00578nam a22001817a 4500 |
| 005 - DATE AND TIME OF LATEST TRANSACTION | |
| control field | 20250801120020.0 |
| 008 - FIXED-LENGTH DATA ELEMENTS--GENERAL INFORMATION | |
| fixed length control field | 250801b |||||||| |||| 00| 0 eng d |
| 082 ## - DEWEY DECIMAL CLASSIFICATION NUMBER | |
| Classification number | 617.601 |
| Item number | JOH-T |
| 100 ## - MAIN ENTRY--AUTHOR | |
| Author Name | John, Joseph |
| 245 ## - TITLE STATEMENT | |
| Title | Textbook of Preventive and Community Dentistry-1: |
| Remainder of title | public health dentistry / |
| Statement of responsibility, etc. | by John, Joseph |
| 250 ## - EDITION STATEMENT | |
| Edition statement | 8th ed. |
| 260 ## - PUBLICATION, DISTRIBUTION, ETC. | |
| Place of Publication | India : |
| Name of publisher, distributor, etc. | CBS Publishers & Distributors Pvt Ltd ; |
| Date of publication, distribution, etc. | 2025 . |
| 300 ## - PHYSICAL DESCRIPTION | |
| Pages | xiii, 450 p. : |
| 500 ## - GENERAL NOTE | |
| General note | Printed in Pakistan. |
| 650 ## - SUBJECT ADDED ENTRY--TOPICAL TERM | |
| Subject / Department | Medical / Dentistry |
| 700 ## - ADDED ENTRY--PERSONAL NAME | |
| Personal name | John, Joseph |
| 300 ## - PHYSICAL DESCRIPTION | |
| -- | ill ; |
| -- | 25 cm . |
| 952 ## - LOCATION AND ITEM INFORMATION (KOHA) | |
| -- | 0 |
| -- | 0 |
| -- | 1850.00 |
| 952 ## - LOCATION AND ITEM INFORMATION (KOHA) | |
| -- | 0 |
| -- | 0 |
| -- | 1850.00 |
| 952 ## - LOCATION AND ITEM INFORMATION (KOHA) | |
| -- | 0 |
| -- | 0 |
| -- | 1850.00 |
| 952 ## - LOCATION AND ITEM INFORMATION (KOHA) | |
| -- | 0 |
| -- | 0 |
| -- | 1850.00 |
| 952 ## - LOCATION AND ITEM INFORMATION (KOHA) | |
| -- | 0 |
| -- | 0 |
| -- | 1850.00 |
| Lost status | Damaged status | Permanent Location | Current Location | Shelving Location | Date acquired | Source of acquisition | Full Call Number | Accession No./Barcode | Date last seen | Copy number | item type | Koha item type |
|---|---|---|---|---|---|---|---|---|---|---|---|---|
| Superior Information Resource Center (SIRC) Superior University- Central Library | Superior Information Resource Center (SIRC) Superior University- Central Library | BDS-Dentistry | 08/01/2025 | Imperial book company | 617.601 JOH-T 2025 | 20193 | 08/01/2025 | 1 | BOOK | BOOK | ||
| Superior Information Resource Center (SIRC) Superior University- Central Library | Superior Information Resource Center (SIRC) Superior University- Central Library | BDS-Dentistry | 08/01/2025 | Imperial book company | 617.601 JOH-T 2025 | 20194 | 08/01/2025 | 2 | BOOK | BOOK | ||
| Superior Information Resource Center (SIRC) Superior University- Central Library | Superior Information Resource Center (SIRC) Superior University- Central Library | BDS-Dentistry | 08/01/2025 | Imperial book company | 617.601 JOH-T 2025 | 20195 | 08/01/2025 | 3 | BOOK | BOOK | ||
| Superior Information Resource Center (SIRC) Superior University- Central Library | Superior Information Resource Center (SIRC) Superior University- Central Library | BDS-Dentistry | 08/01/2025 | Imperial book company | 617.601 JOH-T 2025 | 20196 | 08/01/2025 | 4 | BOOK | BOOK | ||
| Superior Information Resource Center (SIRC) Superior University- Central Library | Superior Information Resource Center (SIRC) Superior University- Central Library | BDS-Dentistry | 08/01/2025 | Imperial book company | 617.601 JOH-T 2025 | 20197 | 08/01/2025 | 5 | BOOK | BOOK |
